Central Library OPAC University of Rajshahi

Narcotic addiction in Britain and America : (Record no. 30571)

MARC details
000 -LEADER
fixed length control field 00731nam a2200229 a 4500
001 - CONTROL NUMBER
control field 30571
003 - CONTROL NUMBER IDENTIFIER
rucl marc code BD-RjUL
005 - DATE AND TIME OF LATEST TRANSACTION
control field 20211209051601.0
008 - FIXED-LENGTH DATA ELEMENTS--GENERAL INFORMATION
fixed length control field 140410s1962 inu b 001 0 eng d
035 ## - SYSTEM CONTROL NUMBER
System control number 62-16162
-- (BD-RjUL) 30657
040 ## - CATALOGING SOURCE
Original cataloging agency DLC
Transcribing agency DLC
Modifying agency BD-RjUL
Language of cataloging eng
041 ## - LANGUAGE CODE
Language code of text/sound track or separate title eng
082 ## - DEWEY DECIMAL CLASSIFICATION NUMBER
Classification number 364.142
Author mark and year SCN 1962
Edition number 23
100 1# - MAIN ENTRY--PERSONAL NAME
Personal name Schur, Edwin M.
Fuller form of name (Edwin Michael)
9 (RLIN) 92885
245 10 - TITLE STATEMENT
Title Narcotic addiction in Britain and America :
Remainder of title the impact of public policy /
260 ## - PUBLICATION, DISTRIBUTION, ETC. (IMPRINT)
Place of publication, distribution, etc. London :
Name of publisher, distributor, etc. Tavistock Publications,
Date of publication, distribution, etc. 1962.
300 ## - PHYSICAL DESCRIPTION
Pagination 281 p. ;
Size 22 cm
504 ## - BIBLIOGRAPHY, ETC. NOTE
Bibliography, etc Includes bibliography and index.
650 #0 - SUBJECT ADDED ENTRY--TOPICAL TERM
Topical term or geographic name as entry element Drug addiction
Geographic subdivision Great Britain
9 (RLIN) 92886
Topical term or geographic name as entry element Drug addiction
Geographic subdivision United States
9 (RLIN) 92887
942 ## - ADDED ENTRY ELEMENTS (KOHA)
Source of classification or shelving scheme Dewey Decimal Classification
Koha item type Books
Holdings
Lost status Source of classification or shelving scheme Damaged status Not for loan Collection code Permanent Location Current Location Shelving location Date acquired Total Checkouts Full call number Date last seen Copy number Koha item type Source of acquisition Cost, normal purchase price
  Dewey Decimal Classification     Non-fiction Central Library, University of Rajshahi Central Library, University of Rajshahi   10/04/2014   364.1420942 SCN 1962 10/04/2014 C-2 Books    
  Dewey Decimal Classification   Not For Loan Non-fiction Central Library, University of Rajshahi Central Library, University of Rajshahi Reading Room 14/03/1966   364.1420942 SCN 1962 04/12/2016 C-1 Books Zeetlinger 0.00